Gobierno de las tecnologías de la información (TI) en instituciones de educación superior (Registro nro. 13141)
[ vista simple ]
| 000 -Cabecera | |
|---|---|
| Campo de control de longitud fija | 00789nam a22002537a 4500 |
| 005 - Fecha y hora de la última transacción | |
| Campo de control | 20260429162950.0 |
| 008 - Elementos de longitud fija--Información general | |
| Campo de control de longitud fija | 210818b2018 xxu||||| |||| 00| 0 spa d |
| 020 ## - International Standard Book Number | |
| Número Internacional Estándar del Libro (ISBN) | 9789587323405 |
| 041 ## - Idioma | |
| Código de idioma | Español |
| 082 ## - Clasificación Decimal Dewey | |
| Número de clasificación | 371.335 F363g |
| 100 ## - Entrada principal--Autor personal | |
| Nombre personal | Fernández Martínez, Antonio |
| 9 (RLIN) | 61111 |
| 100 ## - Entrada principal--Autor personal | |
| Nombre personal | Torres Bermúdez, Alex Armando |
| 9 (RLIN) | 61112 |
| 245 ## - Título propiamente dicho | |
| Título | Gobierno de las tecnologías de la información (TI) en instituciones de educación superior |
| 260 ## - Pie de imprenta | |
| Lugar de publicación, distribución, etc. | Colombia |
| 260 ## - Pie de imprenta | |
| Nombre del editor, distribuidor, etc. | Universidad del Cauca |
| 260 ## - Pie de imprenta | |
| Fecha de publicación, distribución, etc. | 2018 |
| 300 ## - Descripción física | |
| Extensión | 157 páginas |
| 490 ## - Serie | |
| Título de la Serie | Tecnologías de la Información |
| 650 ## - Materia general | |
| Temática (materia general) | TECNOLOGÍAS DE LA INFORMACIÓN Y LA COMUNICACIÓN |
| 650 ## - Materia general | |
| Temática (materia general) | INGENIERÍA DE SISTEMAS |
| 650 ## - Materia general | |
| Temática (materia general) | GOBERNANZA |
| 650 ## - Materia general | |
| Temática (materia general) | EDUCACIÓN SUPERIOR |
| 942 ## - Punto de acceso adicional KOHA | |
| Tipo de ítem KOHA | Libro |
| Fuente del sistema de clasificación o colocación | Dewey Decimal Classification |
| Signatura completa | Código de barras | Programa Académico | Tipo de ítem |
|---|---|---|---|
| 371.335 F363g | 25318 | Tecnologías de Información | Libro |